[Event "Starogard Gdanski-ch"]
[Site "Starogard Gdanski"]
[Date "2017.10.27"]
[Round "4.5"]
[White "Wrzos, Waldemar"]
[Black "Gurbowicz, Jozef"]
[Result "1-0"]
[WhiteElo "1630"]
[BlackElo "1618"]
[PlyCount "37"]
[EventDate "2017.10.06"]
[EventType "tourn"]
[EventRounds "9"]
[EventCountry "POL"]
[SourceTitle "EXT 2023"]
[Source "ChessBase"]
[SourceDate "2022.10.05"]
[SourceVersion "1"]
[SourceVersionDate "2022.10.05"]
[SourceQuality "1"]

1. e4 e5 2. Bc4 Nf6 3. Nc3 Bc5 4. d3 Nc6 5. a3 d6 6. h3 a6 7. Nge2 b5 8. Ba2 Bb7 9. 0-0 Nd4 10. Nxd4 exd4 11. Ne2 0-0 12. Bg5 h6 13. Bh4 Re8 14. f4 Qe7 15. Ng3 Bc8 16. Nh5 Be6 17. Bxf6 gxf6 18. f5 Bxa2 19. Qg4+ 1-0

[Event "Starogard Gdanski-ch"]
[Site "Starogard Gdanski"]
[Date "2017.10.20"]
[Round "3.1"]
[White "Wrzos, Waldemar"]
[Black "Zwara, Karolina"]
[Result "1-0"]
[WhiteElo "1630"]
[BlackElo "1000"]
[PlyCount "53"]
[EventDate "2017.10.06"]
[EventType "tourn"]
[EventRounds "9"]
[EventCountry "POL"]
[SourceTitle "EXT 2023"]
[Source "ChessBase"]
[SourceDate "2022.10.05"]
[SourceVersion "1"]
[SourceVersionDate "2022.10.05"]
[SourceQuality "1"]

1. e4 d6 2. Bc4 Be6 3. Bxe6 fxe6 4. Nc3 Nf6 5. d3 Nc6 6. a3 Qd7 7. f3 0-0-0 8. Nge2 g6 9. 0-0 Bg7 10. Rb1 Kb8 11. Be3 a6 12. b4 h5 13. b5 axb5 14. Nxb5 Ng8 15. c3 Bh6 16. Bf2 Bg7 17. Qa4 h4 18. Na7 Qe8 19. Nxc6+ Kc8 20. Qa8+ Kd7 21. Qxb7 Nf6 22. Bb6 Qf7 23. Bxc7 Ke8 24. Bxd8 Rh5 25. Bxe7 Qg8 26. Bxd6 Qh7 27. Qe7# 1-0

[Event "Starogard Gdanski-ch"]
[Site "Starogard Gdanski"]
[Date "2017.10.06"]
[Round "1.2"]
[White "Wrzos, Waldemar"]
[Black "Zurawski, Tadeusz"]
[Result "1-0"]
[WhiteElo "1630"]
[BlackElo "1400"]
[PlyCount "94"]
[EventDate "2017.10.06"]
[EventType "tourn"]
[EventRounds "9"]
[EventCountry "POL"]
[SourceTitle "EXT 2023"]
[Source "ChessBase"]
[SourceDate "2022.10.05"]
[SourceVersion "1"]
[SourceVersionDate "2022.10.05"]
[SourceQuality "1"]

1. e4 e5 2. Nc3 Nc6 3. a3 a6 4. Bc4 Nf6 5. d3 h6 6. Nge2 d6 7. 0-0 Qe7 8. f4 Bd7 9. b4 Bg4 10. f5 Nd4 11. h3 Bxe2 12. Nxe2 Nxe2+ 13. Qxe2 c6 14. Bd2 d5 15. Bb3 d4 16. c4 c5 17. Ba4+ Kd8 18. bxc5 Qc7 19. Rab1 Bxc5 20. Rb3 Rb8 21. Rfb1 Nd7 22. Qg4 Rh7 23. Qh5 Nf6 24. Qh4 Kc8 25. Qe1 Nd7 26. Bxd7+ Kxd7 27. Bb4 Bxb4 28. Qxb4 b6 29. Qa4+ Ke7 30. Qxa6 Rhh8 31. Rxb6 Rxb6 32. Rxb6 Rb8 33. c5 Rxb6 34. Qxb6 Kd8 35. a4 Kc8 36. a5 Qb7 37. a6 Qxb6 38. cxb6 Kb8 39. Kf2 g6 40. fxg6 fxg6 41. g4 g5 42. Ke2 Ka8 43. h4 Kb8 44. hxg5 hxg5 45. Kd2 Ka8 46. Kc2 Kb8 47. Kb3 Ka8 1-0

[Event "POL-chT4 Kujawsko-Pomorskie 1617"]
[Site "Poland"]
[Date "2017.01.22"]
[Round "6"]
[White "Jahr, Ulrich1111"]
[Black "Wrzos, Waldemar"]
[Result "1/2-1/2"]
[WhiteElo "1577"]
[BlackElo "1670"]
[PlyCount "89"]
[EventDate "2016.11.06"]
[EventType "team-tourn"]
[EventRounds "11"]
[EventCountry "POL"]
[SourceTitle "EXT 2019"]
[Source "ChessBase"]
[SourceDate "2018.10.10"]
[SourceVersion "1"]
[SourceVersionDate "2018.10.10"]
[SourceQuality "1"]

1. b4 e6 2. Bb2 Nf6 3. a3 d5 4. e3 c5 5. bxc5 Bxc5 6. Nf3 Nc6 7. d4 Bd6 8. c4 0-0 9. Nc3 a6 10. cxd5 exd5 11. Bd3 Bg4 12. h3 Bh5 13. 0-0 Bc7 14. a4 Re8 15. Be2 Bg6 16. Ba3 Rc8 17. Bd3 Ne4 18. Rc1 Ba5 19. Ne2 Bc7 20. Nc3 Bb8 21. Bxe4 Bxe4 22. Nxe4 dxe4 23. Ne5 Nxe5 24. dxe5 Qxd1 25. Rfxd1 Rxc1 26. Rxc1 Bxe5 27. Kf1 f6 28. Ke2 Kf7 29. Rb1 Rb8 30. a5 Bc7 31. Bb4 b5 32. Rc1 Bd8 33. Rc6 Ra8 34. Kd2 Ra7 35. f3 exf3 36. gxf3 Be7 37. Bxe7 Kxe7 38. Kd3 f5 39. Kd4 Kd7 40. Rb6 Kc7 41. Kc5 Kd7 42. Rd6+ Kc7 43. Rc6+ Kb7 44. Rb6+ Kc7 45. Rc6+ 1/2-1/2

[Event "POL-chT4 Kujawsko-Pomorskie 1617"]
[Site "Poland"]
[Date "2016.11.27"]
[Round "3.3"]
[White "Wrzos, Waldemar"]
[Black "Dwojacki, Jakub"]
[Result "1-0"]
[WhiteElo "1670"]
[BlackElo "1652"]
[PlyCount "59"]
[EventDate "2016.11.06"]
[EventType "team-tourn"]
[EventRounds "11"]
[EventCountry "POL"]
[SourceTitle "EXT 2019"]
[Source "ChessBase"]
[SourceDate "2018.10.10"]
[SourceVersion "1"]
[SourceVersionDate "2018.10.10"]
[SourceQuality "1"]

1. e4 e5 2. Bc4 Nf6 3. Nc3 g6 4. d3 Bg7 5. Nf3 d6 6. Ng5 0-0 7. 0-0 h6 8. Nf3 c6 9. a3 b5 10. Ba2 Kh7 11. h3 Ng8 12. Nh2 Bd7 13. Ne2 Qc8 14. Ng3 f5 15. exf5 gxf5 16. f4 exf4 17. Bxf4 Bxb2 18. Bxd6 Bxa1 19. Qxa1 Re8 20. Ng4 Be6 21. Nf6+ Nxf6 22. Qxf6 Qd7 23. Nxf5 Bxf5 24. Rxf5 Qg7 25. Qh4 Qa1+ 26. Kh2 Qc1 27. Bf4 Qxf4+ 28. Qxf4 Na6 29. Rf7+ Kg6 30. Qg4# 1-0

[Event "POL-chT3 Kujawsko Pomorskie 1213"]
[Site "Poland"]
[Date "2012.11.18"]
[Round "2.29"]
[White "Wrzos, Waldemar"]
[Black "Blasik, Wojciech"]
[Result "0-1"]
[WhiteElo "1692"]
[BlackElo "2047"]
[PlyCount "76"]
[EventDate "2012.11.04"]
[EventType "team-tourn"]
[EventRounds "11"]
[EventCountry "POL"]
[SourceTitle "EXT 2015"]
[Source "ChessBase"]
[SourceDate "2014.11.20"]
[SourceVersion "1"]
[SourceVersionDate "2014.11.20"]
[SourceQuality "1"]
[WhiteTeam "Bydgoszcz Wiartrak"]
[BlackTeam "Bydgoszcz Chemik II"]
[WhiteTeamCountry "POL"]
[BlackTeamCountry "POL"]

1. e4 c6 2. Nc3 d5 3. exd5 cxd5 4. d4 Nf6 5. Nf3 Bg4 6. Be2 Nc6 7. Be3 e6 8. 0-0 Be7 9. a3 0-0 10. Ne5 Bf5 11. f4 Rc8 12. Bd3 Bxd3 13. Qxd3 Qc7 14. Ne2 Ne4 15. c4 Nxe5 16. dxe5 Qxc4 17. Qxc4 Rxc4 18. Rac1 Bc5 19. Bxc5 Nxc5 20. Rxc4 dxc4 21. Nc3 Rd8 22. Nb5 Rd2 23. Nd6 Rxb2 24. Nxc4 Rc2 25. Rd1 g5 26. Rd8+ Kg7 27. Nd6 gxf4 28. Ne8+ Kg6 29. h3 Ne4 30. Nd6 Rc1+ 31. Kh2 Ng3 32. Rg8+ Kh5 33. Rxg3 fxg3+ 34. Kxg3 Rc3+ 35. Kf4 Rxa3 36. Nxb7 a5 37. Nd6 Kg6 38. h4 Ra4+ 0-1

[Event "POL-chT3 Kujawsko Pomorskie 1011"]
[Site "Poland"]
[Date "2011.04.10"]
[Round "10.33"]
[White "Grochowalski, Pawel"]
[Black "Wrzos, Waldemar"]
[Result "1-0"]
[WhiteElo "2062"]
[BlackElo "1642"]
[PlyCount "69"]
[EventDate "2010.11.07"]
[EventType "team-tourn"]
[EventRounds "11"]
[EventCountry "POL"]
[SourceTitle "EXT 2019"]
[Source "ChessBase"]
[SourceDate "2018.10.10"]
[SourceVersion "1"]
[SourceVersionDate "2018.10.10"]
[SourceQuality "1"]

1. d4 b6 2. Nf3 Bb7 3. g3 d6 4. Bg2 Nd7 5. 0-0 Ngf6 6. b3 e5 7. Bb2 e4 8. Nfd2 d5 9. e3 Bd6 10. c4 c6 11. f3 Qe7 12. fxe4 Nxe4 13. Nxe4 dxe4 14. Nd2 Nf6 15. Qc2 0-0 16. Nxe4 Nxe4 17. Bxe4 Rae8 18. Bxh7+ Kh8 19. Rae1 g6 20. Bxg6 fxg6 21. Rxf8+ Rxf8 22. Qxg6 Rf6 23. d5 Be5 24. Qh5+ Kg8 25. Qxe5 Qxe5 26. Bxe5 Rf5 27. d6 Bc8 28. Bf4 Bd7 29. e4 Rf7 30. e5 Be6 31. Bg5 Kf8 32. Bf6 Rh7 33. Re3 a6 34. g4 Bxg4 35. e6 1-0